书目信息 |
| 题名: |
中国建筑彩画图集
|
|
| 作者: | 何俊寿 编 | |
| 分册: | ||
| 出版信息: | 天津 天津大学出版社 1999.04 |
|
| 页数: | 168页 | |
| 开本: | 16开 | |
| 丛书名: | ||
| 单 册: | ||
| 中图分类: | ||
| 科图分类: | ||
| 主题词: | 建筑设计 | |
| 电子资源: | ||
| ISBN: | 7-5618-1165-9 | |
| 000 | 00566nam0 2200205 45 | |
| 001 | 9912080994 | |
| 005 | 20010308103055.6 | |
| 010 | @a7-5618-1165-9@d148.00元 | |
| 100 | @a19991208d1999 km y0chiy0120 ea | |
| 101 | @achi | |
| 105 | @a z 000yy | |
| 200 | 1 | @a中国建筑彩画图集@AZhong Guo Jian Zhu Cai Hua Tu Ji@f何俊寿编@FHe Jun Shou Bian |
| 210 | @a天津@c天津大学出版社@d1999.04 | |
| 215 | @a168页@d16开 | |
| 606 | 0 | @a建筑设计 |
| 690 | @v3 | |
| 690 | @aTU204@v3 | |
| 701 | @a何俊寿@4编 | |
| 801 | @aCN@bPFTUser@c19991208 | |
| 905 | @dTU204@eH785@b326999-001@f3 | |
| 中国建筑彩画图集/何俊寿编.-天津:天津大学出版社,1999.04 |
| 168页;16开 |
| ISBN 7-5618-1165-9:148.00元 |
| ● |
| 相关链接 |
|
|
|
正题名:中国建筑彩画图集
索取号:TU204/H785
 
预约/预借
| 序号 | 登录号 | 条形码 | 馆藏地/架位号 | 状态 | 备注 |
| 1 | 326999 | 203269998 | 建筑库101/101建筑库 108排3列3层/ [索取号:TU204/H785] | 在馆 | |
| 2 | 327000 | 203270003 | 建筑库101/101建筑库 108排3列3层/ [索取号:TU204/H785] | 在馆 | |
| 3 | 327001 | 203270012 | 建筑库101/101建筑库 108排3列3层/ [索取号:TU204/H785] | 在馆 | |
| 4 | 66883 | 200668839 | 建筑库101/101建筑库 108排3列3层/ [索取号:TU204/H785] | 在馆 | |
| 5 | 66884 | 200668848 | 建筑库101/101建筑库 108排3列3层/ [索取号:TU204/H785] | 在馆 | |
| 6 | 66886 | 200668866 | 建筑库101/101建筑库 108排3列3层/ [索取号:TU204/H785] | 在馆 |